Obligaciones y contratos frente a la inflación

Guardado en:
Detalles Bibliográficos
Autor principal: López Santa María, Jorge (autor)
Formato: Libro
Lenguaje:español
Publicado: Santiago Jurídica de Chile 1978
Materias:
Etiquetas: Agregar Etiqueta
Sin Etiquetas, Sea el primero en etiquetar este registro!

MARC

LEADER 00000nam a2200000 a 4500
001 UCV2066
003 CL-VaPUC
008 911004e19780000CL |||||||||||||||||spa|d
082 0 4 |a 346.8341  |b LOP  |2 21 
100 |a López Santa María, Jorge  |e autor  |9 816080 
245 1 0 |a Obligaciones y contratos frente a la inflación 
300 |a 232 p 
942 |c BK 
945 |d 19911004 00:00:00 
260 |a Santiago  |b Jurídica de Chile  |c 1978 
650 0 |a Obligaciones derecho  |9 257095 
650 0 |a Contratos e inflación   |9 257244 
650 0 |a Obligaciones e inflación   |9 257245 
651 7 |a CHILE  |2 CL-VaPUC  |9 296291 
583 |a last modification  |c 19911004 00:00:00  |k Rodrigo Vera 
999 |c 209754  |d 209752 
952 |0 0  |1 0  |4 0  |6 346_834100000000000_LOP_1978  |7 0  |8 A  |9 185474  |a BIBDER  |b BIBDER  |d 2019-11-14  |i 2529580  |l 1  |o 346.8341 LOP 1978  |p 2529580  |r 2023-01-25  |s 2022-09-29  |w 2019-11-14  |y BK  |k DER 
952 |0 0  |1 0  |4 0  |6 346_834100000000000_LOP_1978  |7 0  |8 A  |9 185476  |a BIBDER  |b BIBDER  |d 2019-11-14  |i 2529602  |o 346.8341 LOP 1978  |p 2529602  |r 2019-11-14  |w 2019-11-14  |y BK  |k DER 
952 |0 0  |1 0  |4 0  |6 346_834100000000000_LOP_1978  |7 0  |8 A  |9 185477  |a BIBDER  |b BIBDER  |d 2019-11-14  |i 1955713  |o 346.8341 LOP 1978  |p 1955713  |r 2023-01-25  |w 2019-11-14  |y BK  |k DER